000 01591nam a2200217 i 4500
001 180312
003 ES-MaACL
005 20250809000519.0
008 120528s1907 fr |||| | fre d
245 0 3 _aLa protection légale des travailleurs
_b: discussions de la Section Nationale Française, de l'Association Internationale pour la Protection légale des Travailleurs : troisième série (1905-1906) /
_cAssociation Nationale Française pour la Protection des Travailleurs.
260 _aParis :
_bFélix Alcan,
_c1907.
300 _a431 p. ;
_c18 cm.
490 1 _aAssociation nationale française pour la protection des travailleurs ;
_v3ème série
505 8 _aContiene: 8 textes formant la 3ème série des publications de l'Association: 1: Jules Louis Breton, L'interdiction de la céruse...; 2: Alexandre Millerand, La Conférence officielle de Berne...; 3: Georges Alfassa, Le contrôle de la durée du travail; 4: Édouard Dolléans, La protection légale des enfants... 1. La Loi anglaise; 5: Henri Moysset, Id., 2. La loi allemande; 6: auteurs div., Id. 3. La situation... en France; 7: Mme de La Ruelle, L'extension de la loi du 29 décembre 1900...; 8: Alexandre Millerand, La grève et l'organisation ouvrière
650 7 _aDerecho laboral
_2embne
_9135885
650 0 4 _aTrabajadores.
_917577
710 2 _aAssociation Nationale Française pour la Protection Légale des Travailleurs.
_9150138
830 0 _aAssociation nationale française pour la protection des travailleurs ;
_v3ème série
_9224637
852 _aES-MaACL
_jD-1269
999 _c180312
_d180312